01012nam a2200229Ia 450000500170000000800410001702000150005808200190007324501420009225000190023430000410025349000260029450501540032065000570047465000550053170000310058626400420061733600270065933700330068633800280071904000350074720220317001157.0160825s9999 xx 000 0 und d a958815912104a306.2 N11bN1110aNación y sociedad contemporáneaccoordinadores Ingrid Johanna Bolívar, Germán Ferro Medina, Andrés Dávila Ladrón de Guevara a1a. edición  a51 páginas bilustracionesc21 cm  aCuadernos de nación aLa construcción de la nación y la transformación de lo político / Ingrid Johanna Bolivar -- Bibliografía crítica / Ingrid Johanna Bolivar142LEMBaNacionalismovEnsayos, conferenciaszColombia 142LEMBaIdentidad nacional vEnsayos y conferencias 1 aBolívar, Ingrid Johanna  aBogotábMinisterio de Culturac2001 atextobtxt2rdacontent asin mediaciónbn2rdamedia avolumenbnc2rdacarrier aCO-BoRNBPbspaerdacCO-BoRNBP